ARRUPE JESUIT UNIVERSITY

CORONAVIRUS -STOP THE SPREAD - CLEAN,DISINFECT,COVER

Presidential power and the modern presidents (Record no. 16715)

MARC details
000 -LEADER
fixed length control field 00643nam a2200229Ia 4500
003 - CONTROL NUMBER IDENTIFIER
control field 0100
008 - FIXED-LENGTH DATA ELEMENTS--GENERAL INFORMATION
fixed length control field 130303s9999 xx 000 0 und d
020 ## - INTERNATIONAL STANDARD BOOK NUMBER
International Standard Book Number 29227968
040 ## - CATALOGING SOURCE
Transcribing agency ARRUPELIB
050 ## - LIBRARY OF CONGRESS CALL NUMBER
Classification number JK516.N41990
300 ## - PHYSICAL DESCRIPTION
Other physical details 371 p.24cm
100 ## - MAIN ENTRY--PERSONAL NAME
Personal name Neustadt, Richard E
245 ## - TITLE STATEMENT
Title Presidential power and the modern presidents
245 ## - TITLE STATEMENT
Remainder of title the politics of leadership from Roosevelt to Reagan
250 ## - EDITION STATEMENT
Edition statement Rev. of Presidential Power.c1980
260 ## - PUBLICATION, DISTRIBUTION, ETC. (IMPRINT)
Place of publication, distribution, etc New York
260 ## - PUBLICATION, DISTRIBUTION, ETC. (IMPRINT)
Name of publisher, distributor, etc The Free Press
260 ## - PUBLICATION, DISTRIBUTION, ETC. (IMPRINT)
-- 1990
300 ## - PHYSICAL DESCRIPTION
Extent xxiv
700 ## - ADDED ENTRY--PERSONAL NAME
Personal name Richard E. Neustadt , Neustadt, Richard E. Presidential power
942 00 - ADDED ENTRY ELEMENTS (KOHA)
Koha issues (borrowed), all copies 8
Holdings
Withdrawn status Lost status Source of classification or shelving scheme Damaged status Not for loan Collection code Home library Current library Shelving location Date acquired Total Checkouts Full call number Barcode Date last seen Date checked out Copy number Price effective from Koha item type
    Library of Congress Classification     Main Collection ARRUPE LIBRARY ARRUPE LIBRARY   04/03/2013 8 JK516.N41990 46003048789 28/04/2015 14/04/2015 1 04/03/2013 Monograph ( Printed materials)

 

Arrupe Library. PO Box MP320 Mt Pleasant, Harare, Zimbabwe
263 242 745411|librarian@aju.ac.zw